000 00446nam a22001697a 4500
005 20251218152304.0
008 251218b |||||||| |||| 00| 0 eng d
020 _a978-81-203-4892-9
100 _aSADAGOPAN, S.
245 _aMANAGEMENT INFORMATION SYSTEMS
250 _a2ND ED
260 _aDELHI
_bPHI LEARNING
_c2024
300 _aXV, 327P.
500 _aINCLUDES INDEX
650 _a1. MANAGEMENT INFORMATION SYSTEMS
942 _2lcc
_cBK
999 _c216359
_d216359